Normale Ansicht MARC-Ansicht ISBD

Als es noch Freibäder an der Oder gab (Titelsatznr. 373947)

[ MARC ]
MARC-Details
000 -Satzkennung
Kontrollfeld mit fester Länge 00706nab a2200193 4500
001 - Kontrollnummer
Kontrollfeld 244442
003 - Kontrollnummer Identifier
Kontrollfeld OSt
005 - Datum und Zeit der letzten Transaktion
Kontrollfeld 20250815080639.0
007 - Feld mit fester Länge zur physischen Beschreibung - Allgemeine Information
Kontrollfeld mit fester Länge tu
008 - Feld mit fester Länge zur physischen Beschreibung - Allgemeine Angaben
Kontrollfeld mit fester Länge 200917s2020|||||||
040 ## - Katalogisierungsquelle
Original-Katalogisierungsstelle DE-2950
Übertragungsstelle DE-2950
245 00 - Titel
Titel Als es noch Freibäder an der Oder gab
Zusatz zum Titel Stadtgeschichte. Zu Tausenden zog es die Einwohner von Frankfurt einst in den Sommern an die Oder. Vor 1945 gab es am Fluss gleich mehrere Freibäder. Und zwar nicht nur auf dem Ziegenwerder/
Verfasserangabe etc. Ralf-Rüdiger Targiel
264 ## - Produktion, Veröffentlichung, Distribution, Herstellung und Urheberrechtsvermerk
Datum der Herstellung, der Veröffentlichung, des Vertriebs oder des Urheberschutzvermerks 2024
653 ## - Indexierungsterm - Nicht normiert
Nicht-normierter Term Frankfurt (Oder)
653 ## - Indexierungsterm - Nicht normiert
Nicht-normierter Term Stadtgeschichte
653 ## - Indexierungsterm - Nicht normiert
Nicht-normierter Term Freibäder
773 0# - Übergeordnete Einheit
Verknüpfungsangaben 36. Jahrgang (2025) Nr. 181 vom 06.08.2025, S. 15 mit Foto
Titel Märkische Oderzeitung
942 ## - Zusätzliche Felder (Koha)
Klassifikation oder Aufstellungssystematik Andere/Generische Klassifikation
Koha-Medientyp Aufsätze
Exemplare
Ausgeschieden Verloren Klassifikation oder Aufstellungssystematik Beschädigt Nicht entleihbar Heimatbibliothek Aufenthaltsbibliothek Aufstellungsort Erwerbungsdatum Anzahl Ausleihen Signatur Letzte Aktivität Preis gültig von Koha-Medientyp
    Andere/Generische Klassifikation     Stadtarchiv Frankfurt (Oder) | Archivbibliothek Stadtarchiv Frankfurt (Oder) | Archivbibliothek Magazin 15/08/2025   Z2 15/08/2025 15/08/2025 Aufsätze